| 000 | 00654nam a2200193 i 4500 | ||
|---|---|---|---|
| 001 | 63173 | ||
| 003 | ES-MaACL | ||
| 005 | 20230906164811.0 | ||
| 007 | t| | ||
| 008 | 031201s1946 sp ||||1| spa d | ||
| 100 | 1 |
_aFerrandiz Torre, Manuel. _9173589 |
|
| 245 | 1 | 3 |
_aLa cultura como fenómeno social / _cpor Manuel Ferrandiz Torre. |
| 260 |
_aMadrid : _b[Escuela Social de Madrid], _c1946 ( _fGráf. Barragán) |
||
| 300 |
_a20 p. ; _c24 cm. |
||
| 594 | _aPrecede al tít.: Ministerio de Trabajo. Escuela Social de Madrid. | ||
| 650 |
_aSociología de la cultura. _9146353 |
||
| 710 | 2 |
_aEscuela Social de Madrid. _93593 |
|
| 852 |
_aES-MaACL _j1862-F-7 |
||
| 999 |
_c63173 _d63173 |
||